Financial accounting (Record no. 14972)

MARC details
000 -LEADER
fixed length control field 00637nam a22002177a 4500
003 - CONTROL NUMBER IDENTIFIER
control field URS
005 - DATE AND TIME OF LATEST TRANSACTION
control field 20230118163306.0
008 - FIXED-LENGTH DATA ELEMENTS--GENERAL INFORMATION
fixed length control field 180103b xxu||||| |||| 00| 0 eng d
040 ## - CATALOGING SOURCE
Transcribing agency urs
050 ## - LIBRARY OF CONGRESS CALL NUMBER
Classification number HF 5635 V35 2000
100 ## - MAIN ENTRY--PERSONAL NAME
9 (RLIN) 3089
Personal name Valix, Conrado T.
Relator term author
245 ## - TITLE STATEMENT
Title Financial accounting
Statement of responsibility, etc. Conrado T. Valix, Jose F. Peralta
250 ## - EDITION STATEMENT
Edition statement 2000 edition
260 ## - PUBLICATION, DISTRIBUTION, ETC.
Place of publication, distribution, etc. Manila
Name of publisher, distributor, etc. GIC Enterprises & Co.
Date of publication, distribution, etc. 2000
336 ## - CONTENT TYPE
Source rdacontent
Content type term text
Content type code txt
337 ## - MEDIA TYPE
Source rdamedia
Media type term unmediated
Media type code n
338 ## - CARRIER TYPE
Source rdacarrier
Carrier type term volume
Carrier type code nc
650 #0 - SUBJECT ADDED ENTRY--TOPICAL TERM
9 (RLIN) 3314
Topical term or geographic name entry element Financial accounting
700 ## - ADDED ENTRY--PERSONAL NAME
Personal name Peralta, Jose F.
9 (RLIN) 3315
Relator term author
942 ## - ADDED ENTRY ELEMENTS (KOHA)
Source of classification or shelving scheme Library of Congress Classification
Koha item type Filipiniana
Holdings
Withdrawn status Source of classification or shelving scheme Damaged status Not for loan Collection code Home library Current library Shelving location Date acquired Total Checkouts Full call number Barcode Date last seen Price effective from Koha item type
  Library of Congress Classification     Non-fiction Binangonan College Library Binangonan College Library Filipiniana Section 06/07/2023   HF 5635 V35 2000 v.2 URSBIN-2939 01/03/2018 01/03/2018 Filipiniana
  Library of Congress Classification       Binangonan College Library Binangonan College Library Filipiniana Section 07/25/2023   HF 5635 V35 2000 URSBIN-3529 07/25/2023 07/25/2023 Filipiniana

University of Rizal System
Email us at univlibservices@urs.edu.ph

Visit our Website www.urs.edu.ph/library